Pokémon - Les attaques de Créfollet - Statistiques

Statistiques générales
  • Ce quiz a été pris 14 fois
  • Le résultat moyen est 8 sur 14
Statistiques - réponses
Niveaux Types Noms des attaques % Correct
Départ Psy Choc Mental
100%
Niveau 28 Psy Possessif
88%
Niveau 63 Psy Prescience
88%
Niveau 49 Psy Psyko
88%
Niveau 42 Fée Charme
75%
Niveau 35 Psy Extrasenseur
75%
Niveau 7 Normal Météores
75%
Niveau 21 Psy Rafale Psy
75%
Départ Psy Repos
50%
Niveau 77 Psy Vœu Soin
50%
Niveau 84 Psy Force Mystique
38%
Niveau 56 Ténèbres Flatterie
25%
Niveau 14 Normal Abri
0%
Niveau 70 Normal Photocopie
0%
Aucun quiz correspondant
Distribution des résultats
% des personnes avec chaque résultat
Percentile par nombre de réponses
Votre historique - résultats
Vous n’avez pas pris ce quiz